000 01193cam a2200289 a 4500
001 3523189
005 20251121192542.0
008 960213s1996 nyua b 001 0 eng
020 _a0471593192
_qcloth : alk. paper
020 _a9780471593195
_q(cloth : alk. paper)
050 0 0 _aTH6010
_b.M24 1997
082 0 0 _a696
_220
100 1 _aStein, Benjamin.
245 1 0 _aBuilding technology :
_bmechanical and electrical systems /
_cBenjamin Stein.
250 _a2nd ed.
260 _aNew York :
_bJ. Wiley,
_cc1997.
300 _axix, 1048 p. :
_bill. ;
_c29 cm.
500 _aRev. ed. of: Building technology / William J. McGuinness, Benjamin Stein. c1977.
650 0 _aBuildings
_xMechanical equipment.
650 0 _aBuildings
_xElectric equipment.
650 0 _aBuildings
_xEnvironmental engineering.
700 1 _aMcGuinness, William J.
_tBuilding technology.
856 4 2 _3Contributor biographical information
_uhttp://www.loc.gov/catdir/bios/wiley041/96006186.html
856 4 2 _3Publisher description
_uhttp://www.loc.gov/catdir/description/wiley032/96006186.html
856 4 _3Table of Contents
_uhttp://www.loc.gov/catdir/toc/onix02/96006186.html
942 _2lcc
_cBK
_e2nd ed.
_n0
999 _c8326
_d8326